00622nam a2200169 i 450000100060000000300090000600500170001500700030003200800410003510000460007624500940012226000350021630000300025185200320028199900170031395201220033093049ES-MaACL20230906181121.0t|050407s1968 sp ||||1| baq d1 aLoidi Bizkarrondo, José Antonio.97314110aAmabost egun Urgain'en / cJ. A. Loidi Bizcarrondo ; (Irudiak Nabaskues'tar José Luis). aOñate : bArantzazu, c1968. a225 p. : bil. ; c19 cm. aES-MaACLjC-51552 bR.66957 c93049d93049 00104070aATENEOMbATENEOMcDEPO2d2008-01-17eSCl0oC-51552p1097132r2023-02-23 00:00:00w2023-02-23yMONOGRAFIA